000
00319nam a22001217a 4500
040
_c
HS
082
_a
634
100
_a
ជីប ប៊ុនថាវីន
245
_a
ថ្នាលបណ្តុះកូនឈើ
260
_a
Cambodia
_b
ជីប ប៊ុនថាវីន
_c
NA
300
_a
31p;
942
_c
KB
999
_c
9274
_d
9274